200 mots aléatoire Harry Potter 1 #3 - Statistiques

Statistiques générales
  • Ce quiz a été pris 29 fois
  • Le résultat moyen est 131 sur 200
Statistiques - réponses
Réponses % Correct
à
100%
a
100%
d'
100%
m'
100%
s'
100%
du
96%
96%
Harry
96%
Harry.
96%
l'
96%
Ron.
96%
Ron
96%
C'
92%
de
92%
Hermione
92%
Hermione.
92%
t'
92%
et
88%
—Et
88%
—J'
88%
le
88%
est
85%
la
85%
là!
85%
les
85%
un
85%
une
85%
Ce
81%
dit
81%
Elle
81%
elle
81%
n'
81%
en
77%
En
77%
ne
77%
pas
77%
sa
77%
se
77%
ai
73%
—Ça
73%
était
73%
qu'
73%
au-
69%
au
69%
avait
69%
cours.
69%
cours
69%
dans
69%
que
69%
alors
65%
alors?
65%
impression
65%
65%
pour
65%
amis.
62%
cette
62%
dire
62%
entendu,
62%
étonne
62%
fin
62%
professeur
62%
qui
62%
Salle
62%
baguette
58%
fille-
58%
Grande
58%
Leur
58%
leur
58%
tout
58%
dessus
54%
enfermée
54%
Flitwick
54%
rendant
54%
son
54%
airs,
50%
après-
50%
compte
50%
élève
50%
personne
50%
rendre
50%
suivant
50%
midi.
46%
plume
46%
plus
46%
tête.
46%
VRAI
46%
bien!
42%
bien
42%
copine
42%
éleva
42%
entendirent
42%
larmes.
42%
mètre
42%
peu
42%
tous,
42%
vit
42%
Wingardium
42%
être
38%
Granger
38%
magique
38%
réussi!
38%
très
38%
cauchemar,
35%
coup
35%
dépassa
35%
écria
35%
effet
35%
eut
35%
Miss
35%
puisse
35%
Quelqu'
35%
supporter,
35%
bousculant
31%
dîner
31%
donna
31%
mal
31%
Regardez
31%
rendit
31%
robe,
31%
aise.
27%
—Bravo,
27%
Halloween,
23%
manches
23%
applaudissant.
19%
articula
15%
devait
15%
releva
15%
servi
15%
soudain
15%
répliqua
12%
sembla
12%
immobilisa
8%
comble
4%
exaspération
4%
Leiviosa!
4%
nettement:
4%
porter
4%
Aucun quiz correspondant
Distribution des résultats
% des personnes avec chaque résultat
Percentile par nombre de réponses
Votre historique - résultats
Vous n’avez pas pris ce quiz